Statystyki dla 50 największych miast w Polsce

Kliknij tutaj aby rozwiązać quiz!

Ogólne statystyki

  • Ten quiz został rozwiązany 2 450 razy
  • Średni wynik to 37 z 50

Statystyki odpowiedzi

WojewództwoLiczba ludnościMiasto% Poprawnych
mazowieckie1 769 529Warszawa
100%
małopolskie769 498Kraków
99%
łódzkie687 702Łódź
99%
pomorskie464 828Gdańsk
98%
pomorskie246 204Gdynia
97%
wielkopolskie537 643Poznań
97%
dolnośląskie649 258Wrocław
97%
lubelskie339 811Lublin
96%
zachodniopomorskie403 274Szczecin
96%
śląskie295 449Katowice
95%
podlaskie297 403Białystok
94%
kujawsko-pomorskie351 254Bydgoszcz
94%
kujawsko-pomorskie202 482Toruń
90%
podkarpackie190 849Rzeszów
88%
świętokrzyskie195 336Kielce
87%
opolskie128 224Opole
87%
warmińsko-mazurskie173 125Olsztyn
86%
lubuskie140 113Zielona Góra
85%
mazowieckie213 910Radom
84%
śląskie223 332Częstochowa
83%
lubuskie124 177Gorzów Wielkopolski
79%
śląskie180 708Gliwice
77%
śląskie203 094Sosnowiec
75%
śląskie173 784Zabrze
74%
warmińsko-mazurskie120 569Elbląg
72%
mazowieckie120 403Płock
70%
śląskie171 277Bielsko-Biała
68%
zachodniopomorskie107 692Koszalin
68%
małopolskie109 358Tarnów
68%
śląskie167 672Bytom
66%
śląskie108 668Chorzów
65%
wielkopolskie101 279Kalisz
64%
dolnośląskie100 081Legnica
63%
śląskie128 049Tychy
62%
dolnośląskie113 100Wałbrzych
61%
wielkopolskie73 693Piła
59%
śląskie138 919Rybnik
59%
małopolskie83 958Nowy Sącz
58%
kujawsko-pomorskie111 319Włocławek
58%
dolnośląskie79 686Jelenia Góra
57%
łódzkie74 004Piotrków Trybunalski
57%
śląskie120 777Dąbrowa Górnicza
56%
wielkopolskie74 472Konin
56%
śląskie138 215Ruda Śląska
54%
pomorskie91 225Słupsk
54%
kujawsko-pomorskie95 354Grudziądz
52%
mazowieckie77 732Siedlce
47%
śląskie91 758Jaworzno
39%
śląskie74 578Mysłowice
39%
śląskie89 353Jastrzębie Zdrój
38%

Rozkład punktacji

Percentyl według liczby udzielonych odpowiedzi

Procent ludzi z każdym wynikiem

Twoja historia wyników

Nie rozwiązałeś tego quizu